Účtovná závierka 2000 pre podvojné účtovníctvo

Základné charakteristiky účtovnej závierky. Podstata, cieľ a účel účtovnej závierky. Prehľad všeobecne záväzných právnych noriem. Prehľad prác a úloh pred uzatvorením účtovných kníh. Analýza jednotlivých účtových tried vo vzťahu k uizávierkovýcm operáciám. Uzavieranie účtovných kníh. Zostavovanie úč...

Descripción completa

Guardado en:
Detalles Bibliográficos
Autor principal: Kardoš, Štefan
Otros Autores: Pastierik, Vladimír
Formato: Capítulo de libro
Lenguaje:eslovaco
Materias:
Etiquetas: Agregar Etiqueta
Sin Etiquetas, Sea el primero en etiquetar este registro!

MARC

LEADER 00000naa a2200000 4500
001 r040918
005 20230919091553.4
041 0 |a slo 
044 |a SK 
245 1 0 |a Účtovná závierka 2000 pre podvojné účtovníctvo  |c Štefan Kardoš, Vladimír Pastierik 
520 |a Základné charakteristiky účtovnej závierky. Podstata, cieľ a účel účtovnej závierky. Prehľad všeobecne záväzných právnych noriem. Prehľad prác a úloh pred uzatvorením účtovných kníh. Analýza jednotlivých účtových tried vo vzťahu k uizávierkovýcm operáciám. Uzavieranie účtovných kníh. Zostavovanie účtovnej závierky. 
610 2 0 |a účtovníctvo podvojné 
610 2 0 |a závierka účtovná 
610 2 0 |a normy právne 
610 2 0 |a knihy účtovné 
610 2 0 |a triedy účtové 
610 2 0 |a účtovanie 
610 2 0 |a súvaha 
610 2 0 |a výkazy účtovné 
100 1 |a Kardoš, Štefan 
700 1 |a Pastierik, Vladimír